000 00285nam a2200097Ia 4500
001 1207666
005 20250827022830.0
008 250824s9999 xx 000 0 und d
245 0 _aİSLAM HUKUKU AÇISINDAN KANUNLARIN BAĞLAYICILIĞI
_cMUAMMER ARANGÜL
260 _bHİKMETEVİ YAYINLARI
999 _c1207666
_d1207666